Statistiques concernant 1er tour 2022. Les 5 départements ayant le plus voté Le Pen

Cliquez ici pour prendre le quiz!

Statistiques générales

  • Ce quiz a été pris 94 fois
  • Le résultat moyen est 3 sur 5

Statistiques - réponses

% des suffrages exprimésdépartement% Correct
38,7Pas de Calais
97%
39,3Aisne
70%
36Ardennes
49%
36,6Haute Marne
41%
42,67Mayotte
36%

Distribution des résultats

Percentile par nombre de réponses

% des personnes avec chaque résultat

Votre développement - résultats

Vous n’avez pas pris ce quiz